Estados Aleatorios de Estados Unidos en un Mapa Vacío - Estadísticas

Estadísticas generales
  • Esta prueba ha sido intentada 1.224 veces
  • La puntuación promedio es 11 de 15
Respuestas en el mapa
Las respuestas están codificadas por una escala verde-roja en el mapa de la prueba según el % correcto abajo.
 
Estadísticas de respuestas
Estado % Correcto
Alaska
99%
Texas
99%
California
95%
Florida
94%
Washington
94%
Hawái
90%
Arizona
87%
Nevada
87%
Montana
86%
Utah
85%
Dakota del Norte
84%
Dakota del Sur
84%
Nuevo México
84%
Carolina del Sur
83%
Idaho
83%
Luisiana
81%
Míchigan
81%
Virginia
81%
Alabama
79%
Colorado
79%
Illinois
79%
Nueva York
77%
Carolina del Norte
74%
Maine
74%
Minnesota
74%
Pensilvania
72%
Ohio
71%
Tennessee
71%
Kansas
70%
Misisipi
70%
Oregón
70%
Kentucky
69%
Misuri
69%
Indiana
67%
Oklahoma
67%
Maryland
66%
Vermont
66%
Georgia
65%
Wyoming
65%
Rhode Island
63%
Virginia Occidental
63%
Nebraska
61%
Nueva Jersey
60%
Iowa
59%
Delaware
58%
Arkansas
57%
Wisconsin
57%
Connecticut
55%
Massachusetts
54%
Nuevo Hampshire
52%
No se encontraron pruebas coincidentes
Distribución de puntuación
Porcentaje de gente con cada puntuación
Porcentaje por número respondido
Historial de tus puntuaciones
No has intentado esta prueba.